000
00277nam a22001337a 4500
008
171104b xxu||||| |||| 00| 0 eng d
020
_a
9780324147988
041
_a
eng
080
_a
339.138
100
_a
61
101
_a
MKT
245
_a
MARKETING
_c
LAMB
942
_2
udc
_c
BK
999
_c
37617
_d
37617